000
00257nam a2200097Ia 4500
001
1196940
005
20250827021816.0
008
250824s9999 xx 000 0 und d
245
0
_a
BEN HİÇBİR ŞEY SÖYLEMEDİM
_c
AHMET TELLİ
260
_b
EVEREST YAYINLARI
999
_c
1196940
_d
1196940